LEADER 01030cam0-2200325---450- 001 990004882710403321 005 20090119131904.0 035 $a000488271 035 $aFED01000488271 035 $a(Aleph)000488271FED01 035 $a000488271 100 $a19990604d1976----km-y0itay50------ba 101 0 $aita 102 $aIT 105 $ay-------001yy 200 1 $aCarlo Cosentino e la Gerusalemme Liberata in dialetto calabrese$f[a cura di] Silvana Naccarato 210 $aChiaravalle Centrale$cEffe Emme$d1976 215 $aXXXI, 345 p.,$d23 cm 225 1 $a<>Calabria$v2 610 0 $aTasso, Torquato$aGerusalemme Liberata$aVolgarizzamenti$aSec.18.$aCalabria 676 $a851.4 700 1$aTasso,$bTorquato$f<1544-1595>$0158668 702 1$aNaccarato,$bSilvana 801 0$aIT$bUNINA$gRICA$2UNIMARC 901 $aBK 912 $a990004882710403321 952 $a851.4 NAC 1$fFLFBC 959 $aFLFBC 996 $aCarlo Cosentino e la Gerusalemme Liberata in dialetto calabrese$9519976 997 $aUNINA LEADER 01972nam0-2200529---450- 001 990000092910203316 005 20051010124312.0 010 $a88-464-2030-6 035 $a000009291 035 $aUSA01000009291 035 $a(ALEPH)000009291USA01 035 $a000009291 100 $a20000914d2000----|||y0itay0103----ba 101 0 $aita 102 $aIT 105 $a||||||||001yy 200 1 $a<> poteri dell'anima per una psicologia della santità possibile$etestimonianze di Enzo Bianchi, don Oreste Benzi, fratel Ettore Boschini, Anna e Massimo Laveroni, don Gino Rigoldi, Zaira e Giaele Spreafico, Wilma Chasseur, Carla Zichetti$fpresentazione del cardinale Camillo Ruini$gcon i contributi di Gianfranco Ravasi e Umberto Folena 210 $aMilano$cF. Angeli$dcopyr.2000 215 $a205 p.$d23 cm 225 2 $aCollana di psicologia sociale$iLe nuove frontiere$v1 410 0$a12001$aCollana di psicologia sociale. Le nuove frontiere 610 $aCristianesimo e societáa 610 $aSantitáa e psicologia 676 $a234.8 700 1$aRUTELLI,$bPietro$0253458 801 $aIT$bSALBC$gISBD 912 $a990000092910203316 951 $aII.3. 1102(VI ps B Coll. 168/1)$b153145 L.M.$cVI ps B Coll.$d00004188 959 $aBK 979 $c20000914$lUSA01$h1742 979 $c20000919$lUSA01$h1048 979 $c20000919$lUSA01$h1521 979 $c20001019$lUSA01$h1057 979 $c20001019$lUSA01$h1454 979 $c20001019$lUSA01$h1502 979 $c20001019$lUSA01$h1539 979 $c20001024$lUSA01$h1515 979 $c20001027$lUSA01$h1519 979 $c20001027$lUSA01$h1524 979 $c20001110$lUSA01$h1710 979 $c20001124$lUSA01$h1208 979 $c20020403$lUSA01$h1616 979 $aPATRY$b90$c20040406$lUSA01$h1607 979 $aCOPAT5$b90$c20051010$lUSA01$h1243 996 $aPoteri dell'anima per una psicologia della santità possibile$91487195 997 $aUNISA bas $auma LEADER 01187nam0 22003011i 450 001 UON00096224 005 20231205102534.434 010 $a08-607-8282-4 100 $a20020107d2001 |0itac50 ba 101 $aeng 102 $aGB 105 $a|||| 1|||| 200 1 $aScience and medicine in Islam$ea collection of essays$fFranz Rosenthal 210 $aAldershot$aBurlington$eUSA$eSingapore$eSydney$cAshgate$dc1990 215 $aXXVIII, 219 p.$d23 cm 410 1$1001UON00171385$12001 $aCollected Studies Series 606 $aMEDICINA ISLAMICA$3UONC003681$2FI 606 $aSCIENZE$xImpero islamico$xStoria$3UONC029685$2FI 620 $aGB$dAldershot$3UONL000552 676 $a509.17671$cSCIENZE - Impero islamico$v21 700 1$aROSENTHAL$bFranz$3UONV002850$0392898 712 $aAshgate$3UONV252149$4650 801 $aIT$bSOL$c20240220$gRICA 899 $aSIBA - SISTEMA BIBLIOTECARIO DI ATENEO$2UONSI 912 $aUON00096224 950 $aSIBA - SISTEMA BIBLIOTECARIO DI ATENEO$dSI Q 5 054 $eSI MC 24081 5 996 $aScience and medicine in Islam$91301877 997 $aUNIOR